000 00863nam a22001937a 4500
003 UA-OsUOA
001 43433
007 ta
008 20090626b un ||||| |||| 00| 0 ukr d
090 _a050
_bН35
942 _cNP
040 _aUA-OsUOA
_bukr
_cUA-OsUOA
_dUA-OsUOA
245 _aНаціональна трибуна
_b2008: 3 серпня, №29(1274); 10 серпня, №30(1275); 21 вересня, №36; 28 вересня, №37(1282); 5 жовтня, №38(1283); 2 листопада, №42(1287); 30 листопада, №46(1291); 7 грудня, №47(1292); 21 грудня, №49(1294)
955 _a4
041 _aukr
080 _a050
650 7 _a050 Серійні публікації. Періодика галузі, Організація та інші типи поєднання (співробітництва)
_2UDC
999 _c441908
_d441908